| 000 | 02516cam a2200313 4500 | ||
|---|---|---|---|
| 001 | 118148 | ||
| 005 | 20230410105132.0 | ||
| 008 | 730411r1973 nyu b 001 0 eng | ||
| 035 | _a2668267 | ||
| 010 | _a 73006547 | ||
| 020 | _a039471962X | ||
| 035 | _9(DLC) 73006547 | ||
| 040 |
_aDLC _cDLC _dDLC |
||
| 041 | _aeng | ||
| 050 | 1 | 4 |
_aD 13 _bV299 1973 |
| 082 | 0 | 0 | _a907.2 |
| 245 | 0 | 4 |
_aThe varieties of history: from Voltaire to the present / _cedited, selected, and introduced by Fritz Stern. |
| 260 |
_aNew York : _bVintage Books, _c1973. |
||
| 300 |
_a528 p. ; _c21 cm. |
||
| 504 | _aIncludes bibliographical references. | ||
| 505 | _aThe new philosophical history / Voltaire -- The critical method / Barthold Niebuhr -- The ideal of universal history / Leopold von Ranke -- National history and liberalism / Augustin Thierry -- History and literature / Thomas Babington Macaulay -- History as biography / Thomas Carlyle -- History as a national epic / Jules Michelet -- Positivistic history and its critics / Henry Thomas Buckle and Johann Droysen -- Historical materialism / Karl Marx, Friedrich Engels, and Jean Jaurès -- History as an academic discipline -- The ethos of a scientific historian / N.D. Fustel de Coulanges -- On the training of historians / Theodor Mommsen -- An American definition of history / Frederick Jackson Turner -- History as a science / J.B. Bury -- Clio rediscovered / G.M. Trevelyan -- Specialization and historical synthesis / Lord Acton and Henri Berr -- A hew history in America / James Harvey Robinson and Charles A. Beard -- Historicism and its problems / Friedrich Meinecke -- Historical conceptualization / J. Huizinga -- Economic history / George Unwin and J.H. Clapham -- Historical relativism / Charles A. Beard -- History under modern dictatorships / N.N. Pokrovsky, Walter Frank, and K.A. von Müller -- History and the social sciences / Thomas Cochran and Richard Hofstadter -- History and political culture / L.B. Namier -- Cultural history as a synthesis / Jacques Barzun -- Time, history, and the social sciences / Fernand Braudel -- Social history / H.J. Perkin -- A new economic history / R.W. Fogel -- Clio and crisis / C. Vann Woodward. | ||
| 650 | 0 | _aHistoriography. | |
| 650 | 4 | _aHistoriografía. | |
| 650 | 4 | _a20150700 | |
| 700 | 1 |
_aStern, Fritz Richard, _d1926- _eed. |
|
| 856 | 4 | 1 |
_3Table of contents only _uhttp://www.loc.gov/catdir/enhancements/fy1110/73006547-t.html |
| 942 |
_2lcc _cbk |
||
| 946 | _adpf | ||
| 999 |
_c30784 _d30784 |
||